| 000 | 00668nam a2200241Ia 4500 | ||
|---|---|---|---|
| 005 | 20260430150506.0 | ||
| 008 | 008 250103s9999 xx 000 0 eng d | ||
| 037 | _aTheses | ||
| 040 | _aCRL | ||
| 040 | _beng | ||
| 040 | _ceng | ||
| 041 | _2eng | ||
| 041 | _aeng | ||
| 084 | _qCRL | ||
| 100 |
_aAggarwal Rita Au.; Pandey Satyendra Kumar Gu.; Rana Ram Kumar Gu. _91237664 |
||
| 245 | 0 | _aRole of Xuanzang in the Enrichment of Buddhist Learning: An Appraisal | |
| 260 | _c2023 | ||
| 300 | _a166p. | ||
| 650 | _aBuddhism | ||
| 700 |
_aUniversity of Delhi. Faculty of Arts. Deptt.of Buddhist Studies _91237663 |
||
| 942 | _cTH | ||
| 999 |
_c1849907 _d1849907 |
||